000 01807nam a22004697a 4500
001 4291
003 FISKH
005 20240712144813.0
008 240712b cb ||||| |||| 00| 0 eng d
010 _a 2013363063
020 _a9780545708319 (pbk.)
020 _a0545708311 (pbk.)
020 _a9780545724111
020 _a9781408331453
020 _a0545724112
040 _aBTCTA
_beng
_cBTCTA
_erda
050 _aPZ7.M507
082 _a823.92
100 1 _aMeadows, Daisy,
_eauthor.
245 1 0 _aZadie the sewing fairy /
_cby Daisy Meadows.
260 _aLondon :
_bOrchard Books,
_c2014.
300 _a74 pages :
_billustrations ;
_c20 cm
336 _atext
_btxt
_2rdacontent
337 _aunmediated
_bn
_2rdamedia
338 _avolume
_bnc
_2rdacarrier
490 1 _aRainbow magic. The magical crafts fairies ;
_vBook 3
520 _aRainspell Island is hosting an Arts and Crafts Week. Rachel and Kirsty can't wait to try all the different creative activities! But Jack Frost has other plans. He likes making chaos more than making art. The goblins have stolen Zadie the Sewing Fairy's thimble and no one can sew a stitch while it's gone. Kirsty and Rachel must leap into action!"--Page [4] of cover.
650 0 _aFairies
_vJuvenile fiction.
650 0 _aMagic
_vJuvenile fiction.
650 0 _aSewing
_vJuvenile fiction.
650 1 _aFairies
_vFiction.
650 1 _aMagic
_vFiction.
650 1 _aSewing
_vFiction.
650 7 _aFairies.
_2fast
_0(OCoLC)fst00919878
650 7 _aMagic.
_2fast
_0(OCoLC)fst01005468
650 7 _aSewing.
_2fast
_0(OCoLC)fst01114124
655 7 _aJuvenile works
_2fast
_0(OCoLC)fst01411637
655 7 _aFiction.
_2fast
_0(OCoLC)fst01423787
906 _a7
_bcbc
_ccopycat
_d2
_encip
_f20
_gy-gencatlg
942 _2ddc
_cBK
_n0
999 _c4291
_d4291